000 02576cam a2200397 i 4500
001 bcotR000017
005 20210215102134.0
006 m o d
007 cr cn ---uuuuu
008 131105s2013 xx o 000 0 eng d
035 _a(OCoLC)936347576
037 _bBCOpenCampus
_cCostFree
_fFormOnline
_gAccessOpen
040 _aBNM
_beng
_dCaBSKC
_erda
050 4 _aHB172
_bR58 2013
100 1 _aRittenberg, Libby,
_eauthor.
245 1 0 _aPrinciples of microeconomics /
_cLibby Rittenberg, Tim Tregarthen.
264 1 _b[Saylor Foundation],
264 2 _bBCcampus, BC Open Textbook Project
300 _a1 online resource.
500 _aThis work is licensed under the Creative Commons Attribution-NonCommercial-ShareAlike License.
500 _aTitle from BC Campus website.
500 _aThis bibliographic record is available under the Creative Commons CC0 "No Rights Reserved" license.
520 _a"Recognizing that a course in economics may seem daunting to some students, we have tried to make the writing clear and engaging. Clarity comes in part from the intuitive presentation style, but we have also integrated a number of pedagogical features that we believe make learning economic concepts and principles easier and more fun. These features are very student-focused. The chapters themselves are written using a "modular" format. In particular, chapters generally consist of three main content sections that break down a particular topic into manageable parts. Each content section contains not only an exposition of the material at hand but also learning objectives, summaries, examples, and problems. Each chapter is introduced with a story to motivate the material and each chapter ends with a wrap-up and additional problems. Our goal is to encourage active learning by including many examples and many problems of different types."--BCcampus website.
588 _aDescription based on version viewed on BCcampus OpenEd website; title from pdf title page.
650 0 _aMicroeconomics
_vTextbooks.
655 0 _aElectronic books.
700 1 _aTregarthen, Tim,
_eauthor.
710 2 _aSaylor Foundation,
_eissuing body.
710 2 _aBC Open Textbook Project,
_edistributor.
710 2 _aBCcampus.
856 4 0 _3BC Open Textbook Project
_uhttps://open.bccampus.ca/find-open-textbooks/?uuid=db434349-937a-4a5a-a70d-6f41a50f22b0
999 _c28179
_d28179